00650nam a2200205 u 450000100100000000500170001000800410002702000180006804100090008604300120009510000290010724500640013626000640020030000420026449000160030665000300032265000320035265000300038465000300041400006201320200120224145.0140709s2011 ck gr| 000 0 spa d a97895898707920 aCspa ac-k----1 aEspinel Riveros, Eduardo10aAmanecer del tiempo :bpoesía /cEduardo Espinel Riveros. aVillavicencio :bCorporación Cultural Entreletras,c2011. a82 páginas :bilustracionese21 cm. 0aOtras voces17aPoesía colombiana2LEMB27aLiteratura colombiana2LEMB27aPoesía adultozColombia27aPaisajes en la literatura